Statistics for spices and herbs

Click here to take the quiz!

General Stats

  • This quiz has been taken 31 times
  • The average score is 5 of 10

Answer Stats

Answer% Correct
garlic
100%
salt
79%
chili
68%
black pepper
64%
oregano
64%
parsley
64%
ginger root
29%
paprika
25%
cayenne
18%
cumin
14%

Score Distribution

Percentile by Number Answered

Percent of People with Each Score

Your Score History

You have not taken this quiz